Dallas Open Champions Tennis - Statistics

General Stats
  • This quiz has been taken 11 times
  • The average score is 2 of 5
Answer Stats
Year Country Winner % Correct
2026 United States Ben Shelton
80%
2024 United States Tommy Paul
60%
2025 Canada Denis Shapovalov
40%
2022 United States Reilly Opelka
20%
2023 China Wu Yibing
20%
No matching quizzes found
Score Distribution
Percent of People with Each Score
Percentile by Number Answered
Your Score History
You have not taken this quiz